000 00448nam a22001817a 4500
003 NUST - PNEC
005 20170116181111.0
008 151003b xxu||||| |||| 00| 0 eng d
020 _a-
040 _cLIBRARY
082 _a621.9 JUD
100 _912916
_aJudge, A. W.
245 _aEngineering precision measurements
_cA. W. Judge
250 _a3rd ed.
260 _cc.1957
650 _912917
_aMeasuring instruments
_xME
942 _2ddc
_cBK
999 _c69118
_d69118